| 000 | 01050nam a22002417a 4500 | ||
|---|---|---|---|
| 005 | 2009111306196.0 | ||
| 008 | 091113t xxu||||| |||| 00| 0 eng d | ||
| 010 | _aENG-95431 | ||
| 020 |
_a9788190666800 _c995.00 |
||
| 035 | _aEN-78964 | ||
| 037 | _bDBAD/PUB | ||
| 040 | _aDPL | ||
| 082 | _a306.7662 | ||
| 100 |
_aGupta, Sunil _d1953- |
||
| 245 |
_aWish you were here : _cby Sunil Gupta _bmemories of a gay life / |
||
| 260 |
_aNew Delhi _bYoda Press : _bDistributed in South Asia by Foundation Books, _c2008 |
||
| 270 |
_a35-A/1, Shahpur Jat _bNew Delhi _e110049 |
||
| 300 |
_a128 p. : _c22 cm.(Hb) _bchiefly col. ill. ; |
||
| 490 | _aSexualities | ||
| 942 |
_2ddc _cEN _mGUP _h306.7662 |
||
| 999 |
_c31747 _d31747 |
||